000
00312nam a2200133Ia 4500
008
191201s2017 xx 000 0 und d
020
_a
9789350239193
100
_a
MEDNIEKS, Zigurd
245
0
_a
Programming Android
260
_a
N. Delhi
_b
Shroff Pub
_c
2017
300
_a
542
650
_a
MCA
942
_2
ddc
_c
BK
999
_c
6709
_d
6709